Aktivity investičních fondů na trzích postkomunistických zemí

Tvorba nových investičných fondov vo východnej Európe: Maďarská investičná spoločnosť, Česká a slovenská investičná korporácia, Dunajské fondy, Rakúsky fond, Nový východoeurópsky investičný fond, Framlingtonský ruský investičný fond, Stredoeurópsky rastový fond, Dunajský investičný fond, Ost-Aktiv,...

Descrizione completa

Salvato in:
Dettagli Bibliografici
Autore principale: Benešová, L.
Natura: Capitolo di libro
Lingua:ceco
Soggetti:
Tags: Aggiungi Tag
Nessun Tag, puoi essere il primo ad aggiungerne!!

MARC

LEADER 00000naa a2200000 4500
001 r024329
005 20221213081717.8
041 0 |a cze 
044 |a CZ 
245 1 0 |a Aktivity investičních fondů na trzích postkomunistických zemí  |c L. Benešová 
520 |a Tvorba nových investičných fondov vo východnej Európe: Maďarská investičná spoločnosť, Česká a slovenská investičná korporácia, Dunajské fondy, Rakúsky fond, Nový východoeurópsky investičný fond, Framlingtonský ruský investičný fond, Stredoeurópsky rastový fond, Dunajský investičný fond, Ost-Aktiv, Stredoeurópsky fond Creditanstaltu. Podpora investičných fondov EBRD. Výhody, ktoré tieto fondy predstavujú pre investorov. 
610 2 0 |a fondy investičné 
610 2 0 |a východná Európa 
610 2 0 |a stredná Európa 
610 2 0 |a investovanie 
610 2 0 |a Maďarsko 
610 2 0 |a Poľsko 
610 2 0 |a Česko 
610 2 0 |a Slovensko 
610 2 0 |a Európska banka pre obnovu a rozvoj 
100 1 |a Benešová, L.